Численные методы: курс лекций

書目詳細資料
主要作者: Срочко В. А. Владимир Андреевич
總結:В учебном пособии излагаются основные методы решения стандартных задач вычислительной математики по разделам: алгебра, анализ, дифференциальные уравнения. Содержание и методика представления материала адаптированы к реализации в учебном процессе в рамках лекционных занятий и самостоятельной работы. Для студентов математических и физико-технических специальностей и направлений подготовки.
語言:俄语
出版: СПб., Лань, 2010
主題:
格式: 圖書
KOHA link:https://koha.lib.tpu.ru/cgi-bin/koha/opac-detail.pl?biblionumber=178685

MARC

LEADER 00000nam0a2200000 4500
001 178685
005 20231101223424.0
010 |a 9785811410149 
035 |a (RuTPU)RU\TPU\book\193696 
090 |a 178685 
100 |a 20100408d2010 m y0rusy50 ca 
101 0 |a rus 
102 |a RU 
105 |a y j 001zy 
200 1 |a Численные методы  |e курс лекций  |f В. А. Срочко 
210 |a СПб.  |c Лань  |d 2010 
215 |a 208 с. 
320 |a Библиогр.: с. 200. 
330 |a В учебном пособии излагаются основные методы решения стандартных задач вычислительной математики по разделам: алгебра, анализ, дифференциальные уравнения. Содержание и методика представления материала адаптированы к реализации в учебном процессе в рамках лекционных занятий и самостоятельной работы. Для студентов математических и физико-технических специальностей и направлений подготовки. 
606 1 |a Численные методы  |2 stltpush  |3 (RuTPU)RU\TPU\subj\18757  |9 44131 
610 1 |a учебные пособия 
610 1 |a лекции 
610 1 |a алгебра 
610 1 |a математический анализ 
610 1 |a линейные системы 
610 1 |a собственные значения 
610 1 |a нелинейные системы 
610 1 |a функции 
610 1 |a аппроксимация 
610 1 |a численное дифференцирование 
610 1 |a численное интегрирование 
610 1 |a дифференциальные уравнения 
610 1 |a дифференциальные уравнения 
610 1 |a уравнения с частными производными 
610 1 |a прикладная математика 
610 1 |a информатика 
675 |a 519.6(075.8)  |v 3 
700 1 |a Срочко  |b В. А.  |g Владимир Андреевич 
801 1 |a RU  |b 63413507  |c 20100408 
801 2 |a RU  |b 63413507  |c 20171012  |g RCR 
900 |a Вычислительная математика 
942 |c BK 
959 |a 23/20100408  |d 5  |e 220,00  |f АНЛ:1  |f ЧЗТЛ:1  |f УФ:3